Algunas instrucciones generales dictadas a los C.C. inspectores de educación federal en los Estados de Guanajuato, Zacatecas y Querétaro, en relación con la escuela actual 1935-1936 (Record no. 1663)

MARC details
000 -CABECERA
campo de control de longitud fija 00782nam a2200229 a 4500
003 - IDENTIFICADOR DEL NÚMERO DE CONTROL
campo de control MX-MxUPN
005 - FECHA Y HORA DE LA ÚLTIMA TRANSACCIÓN
campo de control 20250116063825.0
008 - ELEMENTOS DE LONGITUD FIJA--INFORMACIÓN GENERAL
campo de control de longitud fija 991125s1936 mx gr 000 0 spa d
035 ## - NÚMERO DE CONTROL DEL SISTEMA
Número de control de sistema UPN01000001663
040 ## - FUENTE DE LA CATALOGACIÓN
Centro catalogador/agencia de origen MX-MxUPN
Lengua de catalogación spa
Centro/agencia transcriptor MX-MxUPN
041 ## - CÓDIGO DE IDIOMA
Código de lengua del texto/banda sonora o título independiente spa
050 #4 - SIGNATURA TOPOGRÁFICA DE LA BIBLIOTECA DEL CONGRESO
Número de clasificación LB2809
Número de documento/Ítem C9.3
100 1# - ASIENTO PRINCIPAL--NOMBRE PERSONAL
Nombre de persona Cuervo Ramírez, Tomás
245 10 - MENCIÓN DE TÍTULO
Título Algunas instrucciones generales dictadas a los C.C. inspectores de educación federal en los Estados de Guanajuato, Zacatecas y Querétaro, en relación con la escuela actual 1935-1936
260 ## - PUBLICACIÓN, DISTRIBUCIÓN, ETC.
Lugar de publicación, distribución, etc. Querétaro :
Nombre del editor, distribuidor, etc. Imprenta Económica,
Fecha de publicación, distribución, etc. 1936.
300 ## - DESCRIPCIÓN FÍSICA
Extensión 40 páginas
500 ## - NOTA GENERAL
Nota general Disponible en la Colección Medina
650 #4 - ASIENTO SECUNDARIO DE MATERIA - TERMINO TEMATICO
Término de materia o nombre geográfico como elemento de entrada Inspección escolar
9 (RLIN) 13326
650 #4 - ASIENTO SECUNDARIO DE MATERIA - TERMINO TEMATICO
Término de materia o nombre geográfico como elemento de entrada Educación
9 (RLIN) 682
905 ## - TIPO DE MATERIAL
Tipo de material Libro
942 ## - ELEMENTOS DE PUNTO DE ACCESO ADICIONAL (KOHA)
Fuente del sistema de clasificación o colocación Library of Congress Classification
Tipo de ítem Koha Libro
Suprimir en OPAC No
Holdings
Estado de retiro Estado de pérdida Fuente del sistema de clasificación o colocación Estado dañado No para préstamo Código de colección Localización permanente Ubicación/localización actual Ubicación en estantería Fecha de adquisición Clasificación Código de barras Fecha visto por última vez Número de copia Tipo de ítem Koha
    Library of Congress Classification   Disponible (Previa cita) Fondo Reservado de libros Bib. Gregorio Torres Quintero Bib. Gregorio Torres Quintero Sala de Fondos Reservados Planta alta 18/11/2022 LB2809 C9.3 5449F 31/12/2020 1 Libro
    Library of Congress Classification   Disponible (Préstamo en sala) Colección Medina Bib. Gregorio Torres Quintero Bib. Gregorio Torres Quintero Colecciones especiales Planta alta 30/01/2023 LB2809 C9.3 20121F 31/12/2020 1 Libro